Programming Perl (Record no. 215)
[ view plain ]
| 000 -LEADER | |
|---|---|
| Fixed length control field | 00436nam a2200193 4500 |
| 003 - CONTROL NUMBER IDENTIFIER | |
| Control field | SEACOMEC |
| 005 - DATE AND TIME OF LATEST TRANSACTION | |
| Control field | 20231013083332.0 |
| 008 - FIXED-LENGTH DATA ELEMENTS--GENERAL INFORMATION | |
| Fixed length control field | 231013b |||||||| |||| 00| 0 eng d |
| 022 ## - INTERNATIONAL STANDARD SERIAL NUMBER / ISSN | |
| Price | 675.00 |
| 040 ## - CATALOGING SOURCE | |
| Original cataloging agency | SEACOMEC |
| 082 ## - DEWEY DECIMAL CLASSIFICATION NUMBER | |
| Classification number | 005.13 |
| Book Number | PRO |
| 100 ## - MAIN ENTRY--PERSONAL NAME | |
| Personal name | Watt,Larry |
| 245 ## - TITLE STATEMENT | |
| Title | Programming Perl |
| 250 ## - EDITION STATEMENT | |
| Edition statement | 3 rd ed |
| 260 ## - IMPRINT | |
| Place of publication | Mumbai |
| Name of publisher | Shroff |
| Date of publication | 2004 |
| 650 ## - SUBJECT ADDED ENTRY--TOPICAL TERM | |
| Topical term | Computer Science |
| 700 ## - ADDED ENTRY--PERSONAL NAME | |
| Personal name | Tom Christians |
| 942 ## - ADDED ENTRY ELEMENTS (KOHA) | |
| Koha item type | Books |
| Withdrawn status | Lost status | Source of classification | Damaged status | Not for loan | Home library | Current library | Date acquired | Total Checkouts | Call number | Accession number | Date last seen | Copy number | Price effective from | Koha item type |
|---|---|---|---|---|---|---|---|---|---|---|---|---|---|---|
| Dewey Decimal Classification | SEACOM ENGINEERING COLLEGE | SEACOM ENGINEERING COLLEGE | 13/10/2023 | 005.13 PRO | 137 | 13/10/2023 | 2 | 13/10/2023 | Books | |||||
| Dewey Decimal Classification | SEACOM ENGINEERING COLLEGE | SEACOM ENGINEERING COLLEGE | 13/10/2023 | 005.13 PRO | 138 | 13/10/2023 | 3 | 13/10/2023 | Books |
